000 00432nam a2200181Ia 4500
001 18502
005 20260306171635.0
008 260306s9999||||xx |||||||||||||| ||und||
041 _aESP
082 _a658.406
_bM22 2004
100 _aManganelli, Raymond L.
_eAUT
245 0 _aCómo hacer reingeniería
260 _c2004
300 _a476 páginas :
_c18 cm.
650 _aGEN
654 _aCAN
942 _cLIB
_dJUS
_fJUS
_2ddc
_n
999 _c18502
_d18502